Meranie kreativity a index kreativity
Kreatívnymi idvetviami nazývame také odvetvia, ktorých podstatou je individuálna kreativita, zručnosti a talent. Potenciál pre ekonomický rast a vytváranie pracovných miest s akumuláciou duševného vlastníctva. Analýza kreatívnych odvetví, prístupy a meranie kreativity.
Gespeichert in:
| 1. Verfasser: | |
|---|---|
| Weitere Verfasser: | |
| Format: | Buchkapitel |
| Sprache: | Slowakisch |
| Schlagworte: | |
| Tags: |
Keine Tags, Fügen Sie das erste Tag hinzu!
|
MARC
| LEADER | 00000naa$a2200000$$$4500 | ||
|---|---|---|---|
| 001 | 0211382 | ||
| 005 | 20240502073526.5 | ||
| 041 | 0 | |a slo | |
| 044 | |a SK | ||
| 245 | 1 | 0 | |a Meranie kreativity a index kreativity |c Martin Alexy, Marek Káčer |
| 520 | |a Kreatívnymi idvetviami nazývame také odvetvia, ktorých podstatou je individuálna kreativita, zručnosti a talent. Potenciál pre ekonomický rast a vytváranie pracovných miest s akumuláciou duševného vlastníctva. Analýza kreatívnych odvetví, prístupy a meranie kreativity. | ||
| 610 | 2 | 0 | |a kreativita |
| 610 | 2 | 0 | |a meranie |
| 610 | 2 | 0 | |a indexy |
| 610 | 2 | 0 | |a definície |
| 610 | 2 | 0 | |a ekonomika kreatívna |
| 610 | 2 | 0 | |a kapitál ľudský |
| 610 | 2 | 0 | |a práca tvorivá |
| 610 | 2 | 0 | |a talenty |
| 610 | 2 | 0 | |a odvetvia činnosti ekonomickej |
| 100 | 1 | |a Alexy, Martin, 1976- | |
| 700 | 1 | |a Káčer, Marek, 1976- | |